Scooby-Doo Gang! - Statistics

General Stats
  • This quiz has been taken 320 times
  • The average score is 5 of 5
Answer Stats
Hint Member % Correct
The Dog Scooby-Doo
100%
The Jock Fred Jones
96%
The Coward Shaggy Rogers
95%
The Genius Velma Dinkley
95%
The Beauty Daphne Blake
86%
No matching quizzes found
Score Distribution
Percent of People with Each Score
Percentile by Number Answered
Your Score History
You have not taken this quiz